| 000 | 01020nam a2200289 i 4500 | ||
|---|---|---|---|
| 003 | DO-SdBNP | ||
| 005 | 20231020093444.0 | ||
| 007 | ta | ||
| 008 | 110408s1980 dr 000 0 spa d | ||
| 040 |
_aDO-SdBNP _bspa _cBNPHU _erda |
||
| 082 |
_bF363L _222 |
||
| 100 |
_aFernández de Perdomo, Yolanda _936686 |
||
| 245 | 1 | 0 |
_aLengua española : _bpráctica y evaluación / _cYolanda Fernández de Perdomo, Nora Nivar de Fernández, Ana Teresa Pereyra de Torres, Cristina Diaz de Pérez |
| 250 | _a2a. edición | ||
| 264 | 1 |
_aSanto Domingo : _bAlfa y Omega, _c1980. |
|
| 300 |
_a317 páginas _c28 cm. |
||
| 336 |
_2rdacontent _atexto _btxt |
||
| 337 |
_2rdamedia _asin mediación _bn |
||
| 338 |
_2rdacarrier _avolumen _bnc |
||
| 490 | 1 | _aExperiencias didácticas | |
| 590 | _aInventariado, 2023/ YL | ||
| 700 | 1 |
_aNivar de Fernández, Nora _955453 _eautora |
|
| 700 | 1 |
_aPereyra de Torres, Teresa _955454 _eautora |
|
| 700 | 1 |
_aDíaz de Pérez , Cristina _955455 _eautora |
|
| 910 | _aYLockward | ||
| 942 |
_2ddc _cLBS1 |
||
| 999 |
_c54915 _d54915 |
||